[Event "Madrid 2019-2020 ch - Previa A"]
[Site "Madrid ESP"]
[Date "2020.02.04"]
[Round "2.15"]
[White "Villodre Miranda, Juan Alonso"]
[Black "Hernandez Recio, Roberto"]
[Result "1/2-1/2"]
[WhiteElo "1582"]
[BlackElo "1845"]
[PlyCount "123"]
[EventDate "2020.02.03"]
[EventType "swiss"]
[EventRounds "9"]
[EventCountry "ESP"]
[SourceTitle "Ajedrez en Madrid"]
[Source "lmi"]
[SourceDate "2020.02.03"]
[SourceVersion "1"]
[SourceVersionDate "2020.02.27"]
[SourceQuality "1"]

1. c4 g6 2. e4 Bg7 3. g3 c5 4. Bg2 Nc6 5. Ne2 Nf6 6. O-O O-O 7. d3 d6 8. Nbc3
Bg4 9. f3 Bd7 10. h3 Ne8 11. Kh2 Nc7 12. Rb1 a6 13. a4 Ne6 14. b3 Rb8 15. Be3
Qa5 16. Bd2 Qd8 17. Be3 Ned4 18. Bf2 e6 19. Nxd4 cxd4 20. Ne2 b5 21. axb5 axb5
22. Qd2 e5 23. f4 Bh6 24. Qd1 f6 25. f5 Qe8 26. g4 Kf7 27. Be1 Rh8 28. Bd2 Bxd2
29. Qxd2 g5 30. Ng3 b4 31. Ra1 Ra8 32. Qc2 Na5 33. Bf3 Qb8 34. Ra2 Nb7 35. Rfa1
Rxa2 36. Rxa2 Nc5 37. Ne2 Qb7 38. Nc1 Ra8 39. Bd1 Ra6 40. Qd2 Be8 41. Rxa6 Nxa6
42. h4 h6 43. hxg5 hxg5 44. Kg3 Kg7 45. Qa2 Qb6 46. Bf3 Bc6 47. Qh2 Qd8 48. Qa2
Qb6 49. Qh2 Be8 50. Qa2 Nc5 51. Bh1 Qc7 52. Bf3 Bc6 53. Qh2 Qb8 54. Qa2 Qc7 55.
Bh1 Be8 56. Bf3 Bc6 57. Bh1 Qb6 58. Bf3 Qa6 59. Qxa6 Nxa6 60. Bd1 Kf7 61. Kf2
Ke7 62. Ke2 1/2-1/2

[Event "Madrid 2019-2020 ch - Previa A"]
[Site "Madrid ESP"]
[Date "2020.02.04"]
[Round "2.16"]
[White "Pashov, Spas Nikolov"]
[Black "Alises Fontecha, Juan"]
[Result "1-0"]
[WhiteElo "1837"]
[BlackElo "1586"]
[PlyCount "97"]
[EventDate "2020.02.03"]
[EventType "swiss"]
[EventRounds "9"]
[EventCountry "ESP"]
[SourceTitle "Ajedrez en Madrid"]
[Source "lmi"]
[SourceDate "2020.02.03"]
[SourceVersion "1"]
[SourceVersionDate "2020.02.27"]
[SourceQuality "1"]

1. e4 e5 2. Nf3 Nc6 3. c3 Nf6 4. d4 exd4 5. e5 Qe7 6. cxd4 Ne4 7. Nc3 Nxc3 8.
bxc3 d5 9. Qb3 Qd8 10. Bd3 Be7 11. O-O O-O 12. Bf4 Re8 13. h3 g6 14. Rab1 Na5
15. Qd1 c6 16. a4 a6 17. Qe2 b5 18. Qa2 Be6 19. Bc1 Nc4 20. Nd2 Qa5 21. Bxc4
dxc4 22. Qc2 Bg5 23. axb5 axb5 24. Ne4 Bxc1 25. Nf6+ Kg7 26. Nxe8+ Rxe8 27.
Qxc1 Qd8 28. Qf4 Qe7 29. Ra1 h6 30. h4 g5 31. hxg5 Qxg5 32. Qxg5+ hxg5 33. f3
Rh8 34. g3 Rh3 35. Kg2 Rh8 36. Rh1 Rxh1 37. Rxh1 Bd5 38. Rh5 Kg6 39. g4 f5 40.
Kg3 fxg4 41. fxg4 Be6 42. Rh8 Bd5 43. Rf8 Kg7 44. Rf6 Bh1 45. Rf5 Kg6 46. e6
Bd5 47. Re5 Kf6 48. e7 Bf7 49. e8=Q 1-0

[Event "Madrid 2019-2020 ch - Previa A"]
[Site "Madrid ESP"]
[Date "2020.02.04"]
[Round "2.17"]
[White "Lopez Guitian, Juan J."]
[Black "Lozano Sanchez, Jose Antonio"]
[Result "0-1"]
[WhiteElo "1497"]
[BlackElo "1832"]
[PlyCount "63"]
[EventDate "2020.02.03"]
[EventType "swiss"]
[EventRounds "9"]
[EventCountry "ESP"]
[SourceTitle "Ajedrez en Madrid"]
[Source "lmi"]
[SourceDate "2020.02.03"]
[SourceVersion "1"]
[SourceVersionDate "2020.02.27"]
[SourceQuality "1"]

1. d4 d5 2. c4 Nf6 3. cxd5 Qxd5 4. Nc3 Qd8 5. e4 e6 6. Nf3 Be7 7. Bd3 Nc6 8.
O-O O-O 9. e5 Nd5 10. Ne4 Ncb4 11. Bb1 f5 12. exf6 Nxf6 13. a3 Nbd5 14. Ng3 Bd6
15. Ne5 c6 16. Qd3 Qc7 17. f4 a5 18. Kh1 b6 19. b3 Ba6 20. Nc4 Bxf4 21. Nh5
Bxc1 22. Rxc1 g6 23. Ng3 Ng4 24. Kg1 Rf7 25. Ba2 Raf8 26. Qe4 Nf4 27. Ne5 Nxe5
28. dxe5 c5 29. b4 Bb7 30. Qb1 Qxe5 31. Re1 Qd4+ 32. Kh1 0-1

[Event "Madrid 2019-2020 ch - Previa A"]
[Site "Madrid ESP"]
[Date "2020.02.04"]
[Round "2.18"]
[White "Camarero Izquierdo, Juan Carlos"]
[Black "De Fuenmayor Fernandez de la, Carlos Pablo"]
[Result "1-0"]
[WhiteElo "1828"]
[BlackElo "1365"]
[PlyCount "63"]
[EventDate "2020.02.03"]
[EventType "swiss"]
[EventRounds "9"]
[EventCountry "ESP"]
[SourceTitle "Ajedrez en Madrid"]
[Source "lmi"]
[SourceDate "2020.02.03"]
[SourceVersion "1"]
[SourceVersionDate "2020.02.27"]
[SourceQuality "1"]

1. d4 d5 2. Nc3 Nf6 3. Bg5 Nbd7 4. f3 c6 5. Qd3 e5 6. e3 Be7 7. Nge2 O-O 8. g4
b5 9. Ng3 h6 10. h4 b4 11. Nce2 Qa5 12. Nf5 b3+ 13. c3 Re8 14. Bxf6 Bxf6 15. g5
e4 16. fxe4 dxe4 17. Qb1 Qxf5 18. gxf6 Nxf6 19. Nf4 bxa2 20. Qxa2 Qg4 21. Be2
Qg3+ 22. Kd2 Rb8 23. Rag1 Qf2 24. Rg2 Be6 25. Qa1 Qxf4 26. exf4 e3+ 27. Kc1 Rb3
28. Rhg1 g6 29. h5 Bf5 30. hxg6 Reb8 31. gxf7+ Kxf7 32. Bc4+ 1-0

[Event "Madrid 2019-2020 ch - Previa A"]
[Site "Madrid ESP"]
[Date "2020.02.04"]
[Round "2.19"]
[White "Martin Rodriguez, Anastasio"]
[Black "Pinel Mirasierra, Jose Pablo"]
[Result "0-1"]
[WhiteElo "1607"]
[BlackElo "1966"]
[PlyCount "124"]
[EventDate "2020.02.03"]
[EventType "swiss"]
[EventRounds "9"]
[EventCountry "ESP"]
[SourceTitle "Ajedrez en Madrid"]
[Source "lmi"]
[SourceDate "2020.02.03"]
[SourceVersion "1"]
[SourceVersionDate "2020.02.27"]
[SourceQuality "1"]

1. b3 Nf6 2. Bb2 g6 3. d4 Bg7 4. Nf3 d5 5. e3 O-O 6. c4 c6 7. Nbd2 Nbd7 8. Be2
b6 9. O-O Bb7 10. cxd5 cxd5 11. Rc1 Rc8 12. Rxc8 Qxc8 13. Qc1 Qb8 14. Qb1 Qd6
15. Ne5 Rc8 16. Rc1 Ne8 17. Nxd7 Qxd7 18. Rxc8 Qxc8 19. Qc1 Qxc1+ 20. Bxc1 f6
21. f4 Kf7 22. Kf2 Nd6 23. Bb2 h5 24. h4 Nf5 25. g3 e6 26. Nf3 Bf8 27. Bd3 Nh6
28. Nh2 Bd6 29. Bc3 a6 30. a4 Nf5 31. Bxf5 gxf5 32. Nf3 a5 33. Ke2 Ba6+ 34. Kd1
Bd3 35. Nd2 Ba3 36. Nf3 Ke7 37. Ne1 Be4 38. Nc2 Bd6 39. Kd2 Kd7 40. Ne1 Kc6 41.
Nd3 Kb7 42. Kc2 Ba3 43. Kd2 Ka6 44. Nf2 Bg2 45. Kc2 b5 46. axb5+ Kxb5 47. Nd3
Bf1 48. Nc5 Bxc5 49. dxc5 Kxc5 50. Bxa5 e5 51. fxe5 fxe5 52. Bc7 d4 53. Bxe5
dxe3 54. Bc3 Kd5 55. Be1 Kd4 56. Bc3+ Ke4 57. Be1 Be2 58. b4 Bb5 59. Kd1 Kd3
60. g4 fxg4 61. Bg3 Ke4 62. Ke1 Kf3 0-1

[Event "Madrid 2019-2020 ch - Previa A"]
[Site "Madrid ESP"]
[Date "2020.02.04"]
[Round "2.20"]
[White "Lopez Orellana, Federico"]
[Black "Maseda Iglesias, Luis"]
[Result "1-0"]
[WhiteElo "1705"]
[BlackElo "1735"]
[PlyCount "65"]
[EventDate "2020.02.03"]
[EventType "swiss"]
[EventRounds "9"]
[EventCountry "ESP"]
[SourceTitle "Ajedrez en Madrid"]
[Source "lmi"]
[SourceDate "2020.02.03"]
[SourceVersion "1"]
[SourceVersionDate "2020.02.27"]
[SourceQuality "1"]

1. f4 d5 2. b3 Nf6 3. e3 Bg4 4. Nf3 e6 5. Bb2 Nbd7 6. h3 Bxf3 7. Qxf3 Be7 8.
Be2 Ne4 9. O-O Bf6 10. Bxf6 Qxf6 11. c3 h5 12. d4 Qh4 13. Bd3 Ndf6 14. Bxe4
Nxe4 15. Qe2 c6 16. b4 Rh6 17. b5 Rg6 18. Rf3 Qf6 19. bxc6 bxc6 20. Nd2 Nxd2
21. Qxd2 Rb8 22. Qc2 Qd8 23. f5 exf5 24. Qxf5 Rf6 25. Qe5+ Kf8 26. Rxf6 Qxf6
27. Qxh5 Qd6 28. Rf1 Rb2 29. a4 Rc2 30. Rb1 Qg3 31. Qh8+ Ke7 32. Rb7+ Ke6 33.
Qc8+ 1-0

[Event "Madrid 2019-2020 ch - Previa A"]
[Site "Madrid ESP"]
[Date "2020.02.04"]
[Round "2.21"]
[White "Vazquez Gonzalez, Jesus"]
[Black "Giron Herranz, Juan"]
[Result "1-0"]
[WhiteElo "1983"]
[BlackElo "1580"]
[PlyCount "91"]
[EventDate "2020.02.03"]
[EventType "swiss"]
[EventRounds "9"]
[EventCountry "ESP"]
[SourceTitle "Ajedrez en Madrid"]
[Source "lmi"]
[SourceDate "2020.02.03"]
[SourceVersion "1"]
[SourceVersionDate "2020.02.27"]
[SourceQuality "1"]

1. c4 e5 2. g3 Bc5 3. Bg2 d6 4. Nc3 a6 5. e3 Nc6 6. Nge2 f5 7. O-O Nf6 8. d4
Ba7 9. b3 O-O 10. Bb2 Re8 11. Qd2 exd4 12. exd4 Ne7 13. Nf4 c6 14. Rfe1 Ng6 15.
Nxg6 hxg6 16. Rxe8+ Qxe8 17. Re1 Qf7 18. Ba3 Qc7 19. Qf4 Qa5 20. Bb2 Qb4 21.
Re7 d5 22. Qc7 Bd7 23. Rxd7 Nxd7 24. Qxd7 Bxd4 25. Qe6+ Kh7 26. Nxd5 Bxf2+ 27.
Kxf2 cxd5 28. Bxd5 Qd2+ 29. Qe2 Qxe2+ 30. Kxe2 Re8+ 31. Kf2 b5 32. Bc3 bxc4 33.
bxc4 g5 34. Bb7 Rb8 35. Bxa6 Ra8 36. Bb5 Rxa2+ 37. Ke3 Ra8 38. c5 Kg6 39. Bd7
f4+ 40. gxf4 gxf4+ 41. Kxf4 Kf7 42. c6 Ra4+ 43. Ke3 Ra7 44. Bd4 Ra3+ 45. Ke4
Ra2 46. c7 1-0

[Event "Madrid 2019-2020 ch - Previa A"]
[Site "Madrid ESP"]
[Date "2020.02.04"]
[Round "2.22"]
[White "Ruiz Quevedo, Andres"]
[Black "Gonzalez Recas, Fernando"]
[Result "1-0"]
[WhiteElo "1898"]
[BlackElo "1548"]
[PlyCount "55"]
[EventDate "2020.02.03"]
[EventType "swiss"]
[EventRounds "9"]
[EventCountry "ESP"]
[SourceTitle "Ajedrez en Madrid"]
[Source "lmi"]
[SourceDate "2020.02.03"]
[SourceVersion "1"]
[SourceVersionDate "2020.02.27"]
[SourceQuality "1"]

1. g3 d5 2. Nf3 Nf6 3. Bg2 Bf5 4. O-O c6 5. d3 h6 6. c4 e6 7. Be3 Nbd7 8. Qb3
Qc8 9. Rc1 Bd6 10. Nc3 dxc4 11. Qxc4 O-O 12. b4 Ng4 13. Bd2 e5 14. Ne4 Be7 15.
Qb3 Be6 16. Qb2 f5 17. Nc5 Nxc5 18. bxc5 e4 19. Nd4 Bd5 20. h3 Nf6 21. Rab1 Nd7
22. Nxf5 Rxf5 23. dxe4 Bxe4 24. Bxe4 Rxc5 25. Qxb7 Rxc1+ 26. Bxc1 Bf6 27. Qxc6
Nb6 28. Rxb6 1-0

[Event "Madrid 2019-2020 ch - Previa A"]
[Site "Madrid ESP"]
[Date "2020.02.04"]
[Round "2.23"]
[White "Marcos Herrero, Francisco"]
[Black "Martinez Carrasco, Jesus"]
[Result "1-0"]
[WhiteElo "1883"]
[BlackElo "1534"]
[PlyCount "120"]
[EventDate "2020.02.03"]
[EventType "swiss"]
[EventRounds "9"]
[EventCountry "ESP"]
[SourceTitle "Ajedrez en Madrid"]
[Source "lmi"]
[SourceDate "2020.02.03"]
[SourceVersion "1"]
[SourceVersionDate "2020.02.27"]
[SourceQuality "1"]

1. d4 Nf6 2. Nf3 d5 3. g3 g6 4. Bg2 Bg7 5. O-O O-O 6. b3 Nbd7 7. Bb2 c6 8. Nbd2
Re8 9. c4 e6 10. Rc1 b6 11. Qc2 Ba6 12. Rfd1 Rc8 13. e4 dxe4 14. Nxe4 Nxe4 15.
Qxe4 Bb7 16. Qf4 Qe7 17. Bc3 Qf8 18. Rc2 Qe7 19. Re2 c5 20. Ne5 Bxg2 21. Kxg2
cxd4 22. Bxd4 Red8 23. Red2 Nxe5 24. Bxe5 Rxd2 25. Rxd2 Bxe5 26. Qxe5 Qb7+ 27.
Kg1 Qe7 28. Qd4 Rc7 29. h4 h5 30. Kg2 f6 31. Qd3 Kg7 32. Qd8 Qxd8 33. Rxd8 e5
34. f3 Kf7 35. Kf2 f5 36. Ke3 Re7 37. a3 e4 38. Rd6 exf3+ 39. Kxf3 Re6 40. Rd7+
Re7 41. Rxe7+ Kxe7 42. Kf4 Kf6 43. b4 Ke6 44. Kg5 Kf7 45. c5 bxc5 46. bxc5 a5
47. c6 Ke7 48. c7 Kd7 49. c8=Q+ Kxc8 50. Kxg6 a4 51. Kxf5 Kd7 52. g4 hxg4 53.
Kxg4 Ke6 54. Kf4 Kf6 55. Ke4 Kg6 56. Kd4 Kh5 57. Kc4 Kxh4 58. Kb4 Kg5 59. Kxa4
Kf5 60. Kb5 Ke6 1-0

[Event "Madrid 2019-2020 ch - Previa A"]
[Site "Madrid ESP"]
[Date "2020.02.04"]
[Round "2.24"]
[White "Rodriguez Bachiller, Luis"]
[Black "De Diego Ferrer, Emilio"]
[Result "0-1"]
[WhiteElo "1536"]
[BlackElo "1883"]
[PlyCount "78"]
[EventDate "2020.02.03"]
[EventType "swiss"]
[EventRounds "9"]
[EventCountry "ESP"]
[SourceTitle "Ajedrez en Madrid"]
[Source "lmi"]
[SourceDate "2020.02.03"]
[SourceVersion "1"]
[SourceVersionDate "2020.02.27"]
[SourceQuality "1"]

1. e4 d5 2. exd5 Nf6 3. d4 Nxd5 4. Nf3 Bg4 5. Be2 g6 6. O-O Bg7 7. c3 O-O 8. h3
Bf5 9. Re1 Re8 10. Bg5 h6 11. Bh4 g5 12. Bg3 Nc6 13. Nbd2 Bg6 14. Nf1 Qc8 15.
Bc4 Nb6 16. Bd3 Bh5 17. N1h2 e6 18. Qc2 f5 19. Be5 Nxe5 20. Nxe5 Nd7 21. Nxd7
Qxd7 22. g4 Bg6 23. Nf3 Rf8 24. Ne5 Bxe5 25. Rxe5 c6 26. Rae1 Rf6 27. Qe2 fxg4
28. Bxg6 Rxg6 29. Qxg4 Re8 30. f4 Kf7 31. fxg5 Reg8 32. h4 hxg5 33. hxg5 Qe7
34. Qh5 Kf8 35. Rf1+ Ke8 36. Rfe1 Kd7 37. Qh3 Rxg5+ 38. Rxg5 Qxg5+ 39. Kf2 Qd2+
0-1

[Event "Madrid 2019-2020 ch - Previa A"]
[Site "Madrid ESP"]
[Date "2020.02.04"]
[Round "2.25"]
[White "Enriquez Pastor, Jorge"]
[Black "Garcia Sanz, Eduardo"]
[Result "0-1"]
[WhiteElo "1513"]
[BlackElo "1832"]
[PlyCount "82"]
[EventDate "2020.02.03"]
[EventType "swiss"]
[EventRounds "9"]
[EventCountry "ESP"]
[SourceTitle "Ajedrez en Madrid"]
[Source "lmi"]
[SourceDate "2020.02.03"]
[SourceVersion "1"]
[SourceVersionDate "2020.02.27"]
[SourceQuality "1"]

1. e4 c5 2. c4 Nc6 3. Ne2 e6 4. d4 cxd4 5. Nxd4 Nf6 6. Nc3 Bb4 7. f3 Qa5 8. Qd2
O-O 9. Nb3 Qe5 10. a3 Bxc3 11. Qxc3 Qxc3+ 12. bxc3 d6 13. Be2 b6 14. O-O Ba6
15. Kf2 Ne5 16. c5 Bxe2 17. Kxe2 bxc5 18. Bf4 Nfd7 19. Rfd1 Rab8 20. Rab1 Rb6
21. Nd2 Rfb8 22. Ra1 Rb2 23. Kf1 R8b6 24. Bxe5 Nxe5 25. h3 g5 26. g3 d5 27.
exd5 exd5 28. a4 Rf6 29. Rab1 Rc2 30. Rb8+ Kg7 31. Rb7 Nxf3 32. Ke2 d4 33. cxd4
Nxd4+ 34. Ke3 Rc3+ 35. Ke4 Rxg3 36. Rxa7 Nc6 37. Rc7 Ra3 38. Kd5 Nb4+ 39. Ke5
Rxa4 40. Rg1 Nd3+ 41. Kd5 Rd4# 0-1

[Event "Madrid 2019-2020 ch - Previa A"]
[Site "Madrid ESP"]
[Date "2020.02.04"]
[Round "2.26"]
[White "Martin Vazquez, Jose Luis"]
[Black "Menendez Domens, Juan Manuel"]
[Result "0-1"]
[WhiteElo "1789"]
[BlackElo "1445"]
[PlyCount "84"]
[EventDate "2020.02.03"]
[EventType "swiss"]
[EventRounds "9"]
[EventCountry "ESP"]
[SourceTitle "Ajedrez en Madrid"]
[Source "lmi"]
[SourceDate "2020.02.03"]
[SourceVersion "1"]
[SourceVersionDate "2020.02.27"]
[SourceQuality "1"]

1. e4 e6 2. d4 d5 3. Bd3 c5 4. exd5 Qxd5 5. Nc3 Qxd4 6. Nb5 Qe5+ 7. Ne2 Na6 8.
Bf4 Qd5 9. Nec3 Qd8 10. Ne4 Nf6 11. Ned6+ Bxd6 12. Nxd6+ Ke7 13. Qe2 Nd5 14.
Nf5+ Kf8 15. Bd6+ Kg8 16. Nxg7 Qxd6 17. Nh5 f5 18. Qd2 h6 19. Bxa6 bxa6 20.
O-O-O Kf7 21. c4 Bb7 22. cxd5 Bxd5 23. Qc3 Kg6 24. Qg3+ Qxg3 25. Nxg3 Rad8 26.
b3 Bxg2 27. Rxd8 Rxd8 28. Rg1 Bd5 29. Ne4+ Kf7 30. Nc3 Rg8 31. Rxg8 Kxg8 32.
Kd2 Kf7 33. Ke3 Kf6 34. f4 Bc6 35. Nd1 e5 36. fxe5+ Kxe5 37. Nc3 f4+ 38. Kf2 f3
39. Nb1 Kd4 40. Nd2 Kc3 41. Nxf3 Bxf3 42. Kxf3 Kb2 0-1

[Event "Madrid 2019-2020 ch - Previa A"]
[Site "Madrid ESP"]
[Date "2020.02.04"]
[Round "2.27"]
[White "Cruz Gonzalez, Antonio"]
[Black "Penas Merino, Ramona"]
[Result "1-0"]
[WhiteElo "1719"]
[BlackElo "1422"]
[PlyCount "55"]
[EventDate "2020.02.03"]
[EventType "swiss"]
[EventRounds "9"]
[EventCountry "ESP"]
[SourceTitle "Ajedrez en Madrid"]
[Source "lmi"]
[SourceDate "2020.02.03"]
[SourceVersion "1"]
[SourceVersionDate "2020.02.27"]
[SourceQuality "1"]

1. e4 e6 2. d3 d5 3. Nd2 Nf6 4. Ngf3 c5 5. g3 Nc6 6. Bg2 d4 7. O-O e5 8. Nc4
Nd7 9. a4 Be7 10. h4 O-O 11. Bh3 f6 12. a5 b5 13. Be6+ Kh8 14. Bd5 Qc7 15. Ncd2
Rb8 16. Nb3 Nb4 17. Be6 Qd6 18. Bf5 c4 19. Nbd2 cxd3 20. c3 dxc3 21. bxc3 Nc2
22. Ra2 Ba6 23. Ne1 Nxe1 24. Qh5 h6 25. Rxe1 Rfc8 26. Ba3 Nc5 27. Qg6 Kg8 28.
Qh7+ 1-0

[Event "Madrid 2019-2020 ch - Previa A"]
[Site "Madrid ESP"]
[Date "2020.02.04"]
[Round "2.28"]
[White "Ramos Antona, Enrique"]
[Black "Lopez Heras, Arturo"]
[Result "0-1"]
[WhiteElo "1436"]
[BlackElo "1719"]
[PlyCount "90"]
[EventDate "2020.02.03"]
[EventType "swiss"]
[EventRounds "9"]
[EventCountry "ESP"]
[SourceTitle "Ajedrez en Madrid"]
[Source "lmi"]
[SourceDate "2020.02.03"]
[SourceVersion "1"]
[SourceVersionDate "2020.02.27"]
[SourceQuality "1"]

1. d4 Nf6 2. c4 g6 3. Nf3 Bg7 4. g3 O-O 5. Bg2 c6 6. O-O d5 7. Nc3 Na6 8. Ne5
Bf5 9. a3 Nc7 10. Bg5 Ne4 11. Bd2 Nxd2 12. Qxd2 dxc4 13. Qf4 Ne6 14. Qc1 Nxd4
15. e4 Bxe5 16. exf5 Nb3 17. Qe3 Bd4 18. Qf4 Nxa1 19. Rxa1 Qb6 20. Na4 Qb5 21.
Qxd4 Qxa4 22. Qg4 Qb5 23. Be4 Qxb2 24. Rb1 Qf6 25. Rxb7 Rfb8 26. Rc7 Rb6 27. h4
h5 28. Qf3 Rd8 29. fxg6 Qxf3 30. Bxf3 fxg6 31. Rxa7 Kf7 32. Ra4 Rd4 33. Kf1 e5
34. Be2 c3 35. Rxd4 exd4 36. Bc4+ Kf6 37. Ke2 Rb2+ 38. Kd1 d3 39. Bxd3 Rd2+ 40.
Kc1 Rxd3 41. Kc2 Rf3 42. a4 Ke5 43. a5 Kd4 44. a6 Rxf2+ 45. Kb3 Rf7 0-1

[Event "Madrid 2019-2020 ch - Previa A"]
[Site "Madrid ESP"]
[Date "2020.02.04"]
[Round "2.29"]
[White "Navas Marin, Felix"]
[Black "Hernandez Garcia, Carlos"]
[Result "0-1"]
[WhiteElo "1421"]
[BlackElo "1679"]
[PlyCount "77"]
[EventDate "2020.02.03"]
[EventType "swiss"]
[EventRounds "9"]
[EventCountry "ESP"]
[SourceTitle "Ajedrez en Madrid"]
[Source "lmi"]
[SourceDate "2020.02.03"]
[SourceVersion "1"]
[SourceVersionDate "2020.02.27"]
[SourceQuality "1"]

1. d4 Nf6 2. Bf4 g6 3. e3 Bg7 4. Be2 O-O 5. Nf3 b6 6. c4 Bb7 7. Nc3 Re8 8. h3
d6 9. O-O Nbd7 10. b4 e5 11. Bh2 e4 12. Nd2 Rc8 13. d5 Nb8 14. Nb5 Na6 15. a3
Ra8 16. Rc1 Bf8 17. Bg3 c5 18. dxc6 Bxc6 19. Nc3 Bb7 20. Bh4 Be7 21. Qa4 Nc7
22. Rfd1 a6 23. Qc2 Nd7 24. Bg3 f5 25. Nb3 Nf8 26. c5 bxc5 27. Nxc5 Ra7 28.
Nxb7 Rxb7 29. Qb3+ Kg7 30. Be5+ Kh6 31. Qg8 Nfe6 32. Bg7+ Nxg7 33. Qc4 Bf6 34.
Na4 Nb5 35. Qc6 Qb8 36. Bxb5 axb5 37. Nc3 Rc8 38. Qxd6 Qxd6 39. Rxd6 0-1

[Event "Madrid 2019-2020 ch - Previa A"]
[Site "Madrid ESP"]
[Date "2020.02.04"]
[Round "2.30"]
[White "Lucia Carpintero, Oscar"]
[Black "Olmos Rodriguez, Arcadio"]
[Result "0-1"]
[WhiteElo "1655"]
[BlackElo "1404"]
[PlyCount "64"]
[EventDate "2020.02.03"]
[EventType "swiss"]
[EventRounds "9"]
[EventCountry "ESP"]
[SourceTitle "Ajedrez en Madrid"]
[Source "lmi"]
[SourceDate "2020.02.03"]
[SourceVersion "1"]
[SourceVersionDate "2020.02.27"]
[SourceQuality "1"]

1. d4 e6 2. c4 Nf6 3. Nf3 d5 4. cxd5 exd5 5. Nc3 Bb4 6. Bg5 h6 7. Bxf6 Bxc3+ 8.
bxc3 Qxf6 9. e3 O-O 10. h3 Nd7 11. c4 Nb6 12. cxd5 Nxd5 13. Bd3 Re8 14. O-O Nc3
15. Qc2 Nd5 16. Rab1 Bxh3 17. Rxb7 Rec8 18. Rc1 Nb6 19. Kf1 Be6 20. e4 Bh3 21.
Qc6 Qxf3 22. gxh3 Qxd3+ 23. Kg2 Qxd4 24. Rc2 Qd7 25. Rxb6 cxb6 26. Qxd7 Rxc2
27. Qb7 Re8 28. Qxa7 Re6 29. Qa8+ Kh7 30. Kf1 Rf6 31. Qd5 Rfxf2+ 32. Kg1 Rfd2
0-1

[Event "Madrid 2019-2020 ch - Previa A"]
[Site "Madrid ESP"]
[Date "2020.02.04"]
[Round "2.31"]
[White "Suarez Mencia, Roberto"]
[Black "Jara Sanchez, Carlos"]
[Result "0-1"]
[WhiteElo "1387"]
[BlackElo "1652"]
[PlyCount "72"]
[EventDate "2020.02.03"]
[EventType "swiss"]
[EventRounds "9"]
[EventCountry "ESP"]
[SourceTitle "Ajedrez en Madrid"]
[Source "lmi"]
[SourceDate "2020.02.03"]
[SourceVersion "1"]
[SourceVersionDate "2020.02.27"]
[SourceQuality "1"]

1. c4 Nf6 2. g3 Nc6 3. Bg2 g6 4. e3 Bg7 5. Ne2 e5 6. d4 exd4 7. exd4 O-O 8.
Nbc3 Re8 9. O-O d6 10. Bg5 h6 11. Bxf6 Bxf6 12. Qd2 Bg7 13. Rae1 Bf5 14. Nd5
Be4 15. f3 Bxd5 16. cxd5 Ne7 17. f4 Qd7 18. Kh1 Nf5 19. Bh3 Nxg3+ 20. Nxg3 Qxh3
21. Qc3 Qd7 22. f5 Rxe1 23. Qxe1 Bxd4 24. Qd2 Bg7 25. f6 Bf8 26. Rg1 Kh7 27.
Qc2 Re8 28. Qg2 Qg4 29. h3 Qg5 30. Kh2 Qxf6 31. Ne4 Qe5+ 32. Ng3 Bg7 33. Kh1
Qxb2 34. Qf3 Re7 35. Nf5 Re2 36. Qg3 Be5 0-1

[Event "Madrid 2019-2020 ch - Previa A"]
[Site "Madrid ESP"]
[Date "2020.02.04"]
[Round "2.33"]
[White "Giron Herranz, Ivan"]
[Black "Gortazar Rubial, Javier Maria"]
[Result "1-0"]
[WhiteElo "1341"]
[BlackElo "1633"]
[PlyCount "97"]
[EventDate "2020.02.03"]
[EventType "swiss"]
[EventRounds "9"]
[EventCountry "ESP"]
[SourceTitle "Ajedrez en Madrid"]
[Source "lmi"]
[SourceDate "2020.02.03"]
[SourceVersion "1"]
[SourceVersionDate "2020.02.27"]
[SourceQuality "1"]

1. f4 Nf6 2. e3 b6 3. Qf3 Nc6 4. Bb5 Bb7 5. Ne2 Rb8 6. Qh3 e6 7. Bxc6 Bxc6 8.
Nd4 Bb7 9. O-O c5 10. Nf3 d5 11. f5 exf5 12. Qxf5 Bd6 13. b3 Qd7 14. Qxd7+ Nxd7
15. Bb2 f6 16. Nc3 a6 17. d4 cxd4 18. exd4 O-O 19. Rae1 Rfe8 20. Nh4 g6 21. g3
Kf7 22. a4 Bb4 23. Kf2 Rbc8 24. Rxe8 Rxe8 25. Re1 Rxe1 26. Kxe1 f5 27. Ke2 Nf6
28. Nf3 Bd6 29. Bc1 Ne4 30. Ng5+ Kg7 31. Ncxe4 fxe4 32. Bf4 Bxf4 33. gxf4 Bc8
34. h3 h6 35. Nxe4 dxe4 36. h4 Kf6 37. Ke3 Bb7 38. c4 a5 39. d5 Kf5 40. Kd4
Kxf4 41. d6 Bc6 42. c5 bxc5+ 43. Kxc5 Bd7 44. b4 axb4 45. a5 e3 46. a6 e2 47.
a7 e1=Q 48. a8=Q Qc3+ 49. Kb6 1-0

[Event "Madrid 2019-2020 ch - Previa A"]
[Site "Madrid ESP"]
[Date "2020.02.04"]
[Round "2.34"]
[White "Bellagamba, Pascal"]
[Black "Faggiano, Alessandro"]
[Result "1-0"]
[WhiteElo "1612"]
[BlackElo "1282"]
[PlyCount "64"]
[EventDate "2020.02.03"]
[EventType "swiss"]
[EventRounds "9"]
[EventCountry "ESP"]
[SourceTitle "Ajedrez en Madrid"]
[Source "lmi"]
[SourceDate "2020.02.03"]
[SourceVersion "1"]
[SourceVersionDate "2020.02.27"]
[SourceQuality "1"]

1. e4 c5 2. Nc3 d6 3. g3 Nc6 4. Bg2 e5 5. d3 Nf6 6. Nge2 Be6 7. O-O Qd7 8. Bd2
Be7 9. a3 O-O 10. Kh1 Bh3 11. f4 Bxg2+ 12. Kxg2 d5 13. exd5 Nxd5 14. f5 Nd4 15.
Ne4 Nxf5 16. Qc1 Nd4 17. N2c3 f5 18. Nf2 Qc6 19. Kh3 Qd7 20. Qd1 f4+ 21. g4 a5
22. Nfe4 Ra6 23. Nxd5 Qxd5 24. Kg2 Ne6 25. Bc3 Ng5 26. Qe1 Nxe4 27. dxe4 Qe6
28. Kf3 Rfa8 29. Rd1 Rd6 30. Rxd6 Qxd6 31. Bxa5 Bd8 32. Bc3 Ba5 1-0

[Event "Madrid 2019-2020 ch - Previa A"]
[Site "Madrid ESP"]
[Date "2020.02.04"]
[Round "2.35"]
[White "Castro Uceda, Jose Antonio"]
[Black "Arevillca Colque, Jonatan"]
[Result "1-0"]
[WhiteElo "1607"]
[BlackElo "1004"]
[PlyCount "154"]
[EventDate "2020.02.03"]
[EventType "swiss"]
[EventRounds "9"]
[EventCountry "ESP"]
[SourceTitle "Ajedrez en Madrid"]
[Source "lmi"]
[SourceDate "2020.02.03"]
[SourceVersion "1"]
[SourceVersionDate "2020.02.27"]
[SourceQuality "1"]

1. e4 e5 2. Qh5 Nc6 3. Bc4 g6 4. Qf3 Nf6 5. Ne2 Nb4 6. Bb3 Bc5 7. d3 h6 8. a3
Nc6 9. Nbc3 d6 10. h3 a6 11. Nd5 Nxd5 12. Bxd5 Be6 13. Be3 Bxd5 14. exd5 Nd4
15. Bxd4 exd4 16. O-O-O Qg5+ 17. Kb1 Qf5 18. Qxf5 gxf5 19. Rde1 O-O-O 20. Ng3
f4 21. Nh5 c6 22. Nxf4 Rde8 23. Re4 f5 24. Ree1 Kd8 25. dxc6 Rxe1+ 26. Rxe1
bxc6 27. b4 Bb6 28. Re6 Kd7 29. Rf6 c5 30. Rxf5 cxb4 31. axb4 Ke7 32. Rh5 Rg8
33. Nd5+ Ke6 34. Nxb6 Rxg2 35. Rxh6+ Ke5 36. Rh5+ Ke6 37. f4 Rf2 38. Rh4 Kf5
39. Nd5 Ke6 40. Nc7+ Kf5 41. Nxa6 Re2 42. b5 Re7 43. Rh5+ Kxf4 44. b6 Rb7 45.
Rb5 Kg3 46. Nb4 Kxh3 47. Nc6 Kg4 48. Nxd4 Kf4 49. Ne6+ Ke3 50. Nd8 Rb8 51. b7
Rxd8 52. b8=Q Rxb8 53. Rxb8 d5 54. Kb2 Kd4 55. Rh8 Kc5 56. c3 Kd6 57. Kb3 Kc5
58. d4+ Kb5 59. Rc8 Ka5 60. Rc5+ Kb6 61. Rxd5 Kc6 62. c4 Kb6 63. Kb4 Kc6 64.
Rh5 Kb6 65. Rh6+ Kb7 66. Kb5 Kc7 67. Rg6 Kd7 68. Kc5 Ke7 69. Kd5 Kf8 70. Ra6
Kf7 71. Ke5 Kg7 72. Kf5 Kf8 73. Ra7 Ke8 74. Ke6 Kf8 75. Rb7 Kg8 76. Kf6 Kh8 77.
Kg6 Kg8 1-0